000 00495nam a2200181Ia 4500
001 23195
005 20260414150921.0
008 260414t2012||||xx |||||||||||||| ||spa||
041 _aESP
082 _a625.8
_bG91
100 _aIdeaspropias Editorial
_eAUT
245 0 _aGuía para el diseño, construcción y mantenimiento de pavimentos exteriores de piedra natural
_b
260 _c2012
300 _a129 páginas :
_c24 cm.
650 _a0
654 _aCIC
942 _cLIB
_dJUS
_fJUS
_2ddc
_n
999 _c23195
_d23195